000
00316nam a22001457a 4500
003
OSt
005
20220214135424.0
008
220214b |||||||| |||| 00| 0 eng d
020
_a
0872628116
040
_c
HU
082
_a
627.5
100
_a
Irr
_9
30384
245
_a
Irrigation & Drainage
942
_2
ddc
_c
BOOKS
_n
0
999
_c
30182
_d
30182